Normal view
MARC view
Entry Personal Name
001 - CONTROL NUMBER
- control field: 66402
003 - CONTROL NUMBER IDENTIFIER
- control field: dpl
005 - DATE AND TIME OF LATEST TRANSACTION
- control field: 20240517155644.0
008 - FIXED-LENGTH DATA ELEMENTS
- fixed length control field: 240517|| aca||aabn | a|a d
040 ## - CATALOGING SOURCE
- Original cataloging agency: dpl
- Transcribing agency: dpl
100 ## - HEADING--PERSONAL NAME
- Personal name: Parankimalil, John
670 ## - SOURCE DATA FOUND
- Source citation: Work cat.: (dpl)202893: Parankimalil, John, Unveiling Extraordinary Educators / , 2023
